000 00323 a2200097 4500
999 _c18982
_d18982
003 WA 310
005 20180131153757.0
008 180131s1969 pl f u |000 0 pol d
040 _aWA 310/bw
_cWA 310/bw
245 0 0 _aSłownictwo telekomunikacyjne - Radiofonia Nazwy i określenia PN-T-01007 /
_cMinisterstwo Łączności.
246 1 3 _aPN-T-01007
246 1 3 _aUKD 621.396.97:001.4
260 _aWarszawa :
_bMinisterstwo Łączności,
_c1969.
300 _a20 stron ;
_c30 cm.
650 _aPolska norma
710 _aPolska.
_bMinisterstwo Łączności.
_eInstytucja sprawcza
_eWydawca
_4pbl
942 _2ddc
_cBK